Central Library OPAC University of Rajshahi

মেয়েলি পাঠ / (Record no. 48015)

MARC details
000 -LEADER
fixed length control field 00979nam a22002537a 4500
001 - CONTROL NUMBER
control field 48015
003 - CONTROL NUMBER IDENTIFIER
rucl marc code BD-RjUL
005 - DATE AND TIME OF LATEST TRANSACTION
control field 20211209054436.0
008 - FIXED-LENGTH DATA ELEMENTS--GENERAL INFORMATION
fixed length control field 160811s2000 ii ||||| |||| 00| 0 ben d
020 ## - INTERNATIONAL STANDARD BOOK NUMBER
International Standard Book Number 8185471673
Terms of availability : IRs 70.00
035 ## - SYSTEM CONTROL NUMBER
System control number (BD-RjUL)48134
040 ## - CATALOGING SOURCE
Original cataloging agency BD-RjUL
Language of cataloging ben
Transcribing agency BD-RjUL
041 ## - LANGUAGE CODE
Language code of text/sound track or separate title ben
082 ## - DEWEY DECIMAL CLASSIFICATION NUMBER
Edition number 23
Classification number 891.4409
Author mark and year BHM 2000
100 ## - MAIN ENTRY--PERSONAL NAME
Personal name ভট্রাচার্য, সুতপা
9 (RLIN) 145618
245 10 - TITLE STATEMENT
Title মেয়েলি পাঠ /
Statement of responsibility, etc. সুতপা ভট্রাচার্য
260 ## - PUBLICATION, DISTRIBUTION, ETC. (IMPRINT)
Place of publication, distribution, etc. কলকাতা :
Name of publisher, distributor, etc. পুস্তক বিপণি,
Date of publication, distribution, etc. ২০০০
300 ## - PHYSICAL DESCRIPTION
Pagination ১৪৪ পৃ. ;
Size ২১ সেমি.
650 ## - SUBJECT ADDED ENTRY--TOPICAL TERM
Topical term or geographic name as entry element বাংলা সাহিত্য
General subdivision ইতিহাস ও সমালোচনা
9 (RLIN) 145619
Topical term or geographic name as entry element নারী সাহিত্য
9 (RLIN) 161483
Topical term or geographic name as entry element Bengali Literature
General subdivision HIstory & Criticism
9 (RLIN) 145620
Topical term or geographic name as entry element Women in literature
9 (RLIN) 118234
942 ## - ADDED ENTRY ELEMENTS (KOHA)
Source of classification or shelving scheme Dewey Decimal Classification
Koha item type Books
Holdings
Lost status Source of classification or shelving scheme Damaged status Not for loan Collection code Permanent Location Current Location Shelving location Date acquired Source of acquisition Cost, normal purchase price Total Checkouts Full call number Date last seen Copy number Koha item type
  Dewey Decimal Classification     Non-fiction Central Library, University of Rajshahi Central Library, University of Rajshahi   02/03/2008 Paragon Enterprises Dhaka 70.00   B 891.4409 BHM 2000 11/08/2016 C-2 Books
  Dewey Decimal Classification     Non-fiction Central Library, University of Rajshahi Central Library, University of Rajshahi   02/03/2008 Paragon Enterprises Dhaka 70.00   B 891.4409 BHM 2000 11/08/2016 C-3 Books
  Dewey Decimal Classification     Non-fiction Central Library, University of Rajshahi Central Library, University of Rajshahi   02/03/2008 Paragon Enterprises Dhaka 70.00   B 891.4409 BHM 2000 11/08/2016 C-4 Books
  Dewey Decimal Classification     Non-fiction Central Library, University of Rajshahi Central Library, University of Rajshahi   02/03/2008 Paragon Enterprise Ltd.Dhaka. 70.00   B 891.4409 BHM 2000 30/10/2016 C-5 Books
  Dewey Decimal Classification   Not For Loan Non-fiction Central Library, University of Rajshahi Central Library, University of Rajshahi Reading Room 02/03/2008 Paragon Enterprises Dhaka 70.00   B 891.4409 BHM 2000 02/02/2017 C-1 Books